000
00294nam a2200109Ia 4500
008
230907s9999||||xx |||||||||||||| ||und||
082
_a
681.2
_b
FIG
100
_a
Figliola, R. S.,
_9
35885
245
0
_a
Theory and design for mechanical measurements /
300
_a
viii, 614 pages :
942
_c
BK
999
_c
601155
_d
601155